Stabilization policies versus intertemporal policy reversals
Salvato in:
| Autore principale: | |
|---|---|
| Natura: | Libro |
| Lingua: | inglese |
| Pubblicazione: |
Vienna
Institute for Advanced Studies
1981
|
| Serie: | Research Memorandum
no. 161 |
| Tags: |
Nessun Tag, puoi essere il primo ad aggiungerne!!
|
MARC
| LEADER | 00000nam a2200000 4500 | ||
|---|---|---|---|
| 001 | c142356 | ||
| 005 | 20181203150525.9 | ||
| 041 | 0 | |a eng | |
| 044 | |a AT | ||
| 245 | 1 | 0 | |a Stabilization policies versus intertemporal policy reversals |c Dennis J. Snower |
| 264 | 1 | |a Vienna |b Institute for Advanced Studies |c 1981 | |
| 300 | |a 60 s. | ||
| 490 | 1 | |a Research Memorandum |v no. 161 | |
| 830 | 0 | |a Research Memorandum |v no. 161 | |
| 100 | 1 | |a Snower, Dennis J. | |